De fácil a extremo edición 25'': Geografía - Estadísticas

Estadísticas generales
  • Esta prueba ha sido intentada 105 veces
  • La puntuación promedio es 4 de 15
Estadísticas de respuestas
Pregunta Respuesta % Correcto
Capital de España Madrid
100%
Animal que representa a Francia Gallo
93%
¿Qué isla caribeña se llama igual que una provincia de España? Granada
75%
¿Cuáles son los únicos principados del mundo actualmente? Liechtenstein, Monaco y Andorra
71%
¿Cuáles son los únicos emiratos del mundo actualmente? Kuwait, Catar y EAU
41%
¿Cuál es la capital de Sri Lanka? Sri Jawayarnadepura Kotte
28%
¿En qué país asiático se habla portugués? Timor Oriental
12%
¿En qué país se encuentra el territorio independentista de Transnistria? Moldavia
6%
¿Cuál es la capital de Transnistria? Tiráspol
4%
¿Cuáles fueron antiguas colonias portuguesas? Todas son correctas
3%
¿Qué simbolo tiene la bandera de Transnistria? Martillo Soviético
1%
¿Qué idiomas oficiales se hablan en Transnistria? Ucraniano, Ruso y Moldavo
1%
¿Qué superficie terrestre tiene Transnistria? 4163 km cuadrados
0%
¿Cuál es la forma de gobierno de Transnistria? Presidencialismo
0%
¿Qué colores conforman la bandera de Transnistria? Rojo, verde y amarillo
0%
No se encontraron pruebas coincidentes
Distribución de puntuación
Porcentaje de gente con cada puntuación
Porcentaje por número respondido
Historial de tus puntuaciones
No has intentado esta prueba.